KOHA-Header-6

Taxmann's Business Communication (Record no. 10138)

000 -LEADER
fixed length control field 00262nam a2200109Ia 4500
100 ## - MAIN ENTRY--AUTHOR NAME
Personal name K.K. Sinha
245 #0 - TITLE STATEMENT
Title Taxmann's Business Communication
260 ## - PUBLICATION, DISTRIBUTION, ETC. (IMPRINT)
Place of publication India
Name of publisher S. Chand
Year of publication 2008
300 ## - PHYSICAL DESCRIPTION
Number of Pages 824
942 ## - ADDED ENTRY ELEMENTS (KOHA)
Koha item type Books
Holdings
Withdrawn status Lost status Collection code Permanent Location Current Location Shelving location Date acquired Full call number Accession Number Koha item type
    Business MAJU MAJU   2019-09-14 658.15 6248 Business

Powered by Koha